000 00298nam a22001337a 4500
008 230418b ||||| |||| 00| 0 eng d
041 _aeng
080 _a61
082 _a61WAL
100 _a4
101 _aMJEKSI
245 _aINSTRUMENTS FOR SURGERY OF THE HAND
_cWALDEMAR.L
942 _2udc
_cBK
999 _c59575
_d59575